| 000 | 00538nam a2200169 i 4500 | ||
|---|---|---|---|
| 001 | 131735 | ||
| 003 | ES-MaACL | ||
| 005 | 20230906194033.0 | ||
| 007 | t| | ||
| 008 | 070214s1906 sp |||| | spa d | ||
| 100 | 1 |
_aRodríguez López-Neyra de Gorgot, Manuel. _998617 |
|
| 245 | 1 | 0 |
_aObservaciones sobre algunos hongos patógenos _b: memoria / _cManuel Rodríguez López-Neyra de Gorgot. |
| 260 |
_aMadrid : _bFortanet, _c1906. |
||
| 300 |
_a39 p. ; _c22 cm. |
||
| 650 | 4 |
_aHongos patógenos. _9160161 |
|
| 852 |
_aES-MaACL _jT-1138-F-5 |
||
| 999 |
_c131735 _d131735 |
||